[Event "4NCL Online Division 2"]
[Site "online"]
[Date "2020.04.28"]
[Round "4.13"]
[White "Marshall, Michael"]
[Black "Ellis, Aidan B"]
[Result "1/2-1/2"]
[WhiteElo "1840"]
[BlackElo "1967"]
[PlyCount "26"]
[EventDate "2020.04.28"]
[WhiteTeam "Anglian Avengers 2"]
[BlackTeam "St Albans 1"]

1. d4 d5 2. Bf4 Nf6 3. e3 c5 4. Nc3 cxd4 5. exd4 a6 6. Nf3 Bg4 7. Be2 Nc6 8.
O-O e6 9. Re1 Bd6 10. Bxd6 Qxd6 11. a3 O-O 12. Ne5 Bf5 13. Bf1 Qc7 1/2-1/2

[Event "4NCL Online Division 2"]
[Site "online"]
[Date "2020.04.28"]
[Round "4.14"]
[White "Collopy, Robert"]
[Black "Paez, Alonso"]
[Result "1-0"]
[WhiteElo "2012"]
[BlackElo "1607"]
[PlyCount "27"]
[EventDate "2020.04.28"]
[WhiteTeam "St Albans 1"]
[BlackTeam "Anglian Avengers 2"]

1. d4 d5 2. c4 e5 3. dxe5 d4 4. Nf3 c5 5. g3 Bg4 6. Bg2 Nc6 7. O-O Qd7 8. Re1
Bxf3 9. exf3 Nge7 10. Nd2 Ng6 11. h4 Be7 12. f4 h5 13. Kh2 O-O-O 14. Bh3 1-0

[Event "4NCL Online Division 2"]
[Site "online"]
[Date "2020.04.28"]
[Round "4.21"]
[White "Allis, Richard"]
[Black "Gogia, Armaan"]
[Result "1/2-1/2"]
[WhiteElo "2052"]
[BlackElo "1990"]
[PlyCount "115"]
[EventDate "2020.04.28"]
[WhiteTeam "Bradford DCA Knights A"]
[BlackTeam "Ashfield Anonymous A"]

1. d4 Nf6 2. Nf3 d5 3. Bg5 c5 4. c3 Nc6 5. Nbd2 Bf5 6. e3 Qb6 7. Qb3 c4 8. Qxb6
axb6 9. Bxf6 gxf6 10. Nh4 Bg6 11. Nxg6 hxg6 12. e4 e6 13. g3 Kd7 14. Bg2 Kd6
15. Nf1 Bh6 16. Ne3 Bxe3 17. fxe3 b5 18. O-O f5 19. e5+ Ke7 20. a3 Rh7 21. h4
Rg8 22. Kf2 g5 23. hxg5 Rxg5 24. Rh1 Rgh5 25. Kf3 Rxh1 26. Rxh1 Rxh1 27. Bxh1
Nb8 28. g4 fxg4+ 29. Kxg4 Nd7 30. Bf3 Nb6 31. Bd1 f6 32. exf6+ Kxf6 33. Kf4 Nd7
34. e4 Nb6 35. e5+ Kg6 36. Bc2+ Kh6 37. b3 cxb3 38. Bxb3 Na4 39. Bxa4 bxa4 40.
Kg4 Kg6 41. Kh4 Kf5 42. Kh5 b5 43. Kh6 Ke4 44. Kg6 Kd3 45. Kf6 Kxc3 46. Kxe6 b4
47. Kxd5 bxa3 48. e6 a2 49. e7 a1=Q 50. e8=Q Qa2+ 51. Kd6 Qa3+ 52. Kc6 Kxd4 53.
Qh8+ Kc4 54. Qh4+ Kb3 55. Kb5 Qa1 56. Qb4+ Kc2 57. Qxa4+ Qxa4+ 58. Kxa4 1/2-1/2

[Event "4NCL Online Division 2"]
[Site "online"]
[Date "2020.04.28"]
[Round "4.22"]
[White "Combie, Alex B"]
[Black "Barker, Arron"]
[Result "0-1"]
[WhiteElo "1990"]
[BlackElo "1847"]
[PlyCount "166"]
[EventDate "2020.04.28"]
[WhiteTeam "Ashfield Anonymous A"]
[BlackTeam "Bradford DCA Knights A"]

1. e4 e6 2. d4 d5 3. Nc3 Nf6 4. e5 Nfd7 5. f4 c5 6. Nf3 Nc6 7. Be3 Qb6 8. Na4
Qa5+ 9. c3 cxd4 10. b4 Qd8 11. Nxd4 Nxd4 12. Bxd4 b6 13. Bd3 g6 14. O-O Bg7 15.
Qf3 Bb7 16. Rae1 Bc6 17. Nb2 Rc8 18. g4 h5 19. h3 hxg4 20. hxg4 Qh4 21. Qg2 Ke7
22. Bf2 Qh3 23. Qxh3 Rxh3 24. Re3 Rch8 25. Rxh3 Rxh3 26. Kg2 Rh8 27. Bd4 f6 28.
exf6+ Bxf6 29. Bxg6 Rg8 30. Bd3 Rxg4+ 31. Kf3 Rh4 32. Kg3 Rh8 33. Kg2 Rg8+ 34.
Kf3 Rh8 35. Nd1 Rh3+ 36. Ke2 Rxd3 37. Kxd3 Bb5+ 38. Ke3 Bxf1 39. Nf2 Bxd4+ 40.
Kxd4 Kd6 41. Ng4 Be2 42. Nf2 Nf6 43. Ke3 Bg4 44. Kd4 Bf5 45. Nd1 Ng4 46. Nb2 b5
47. a4 a6 48. axb5 axb5 49. Nd1 Be4 50. Nb2 Bc2 51. Nc4+ bxc4 52. b5 Nf6 53. b6
Nd7 54. b7 Bf5 55. Ke3 Kc7 56. Kf3 Kxb7 57. Ke3 Kc6 58. Kd4 Kd6 59. Ke3 e5 60.
fxe5+ Kxe5 61. Kd2 Nc5 62. Ke3 Bd3 63. Kd2 Nb3+ 64. Kd1 Ke4 65. Ke1 Ke3 66. Kd1
Be4 67. Ke1 Kd3 68. Kd1 Kxc3 69. Ke2 d4 70. Kf2 d3 71. Ke3 Bg6 72. Kf4 d2 73.
Kg5 Be8 74. Kf6 d1=Q 75. Ke7 Qe1+ 76. Kd6 Bf7 77. Kc6 Qe5 78. Kb6 Be8 79. Kb7
Qd6 80. Kc8 Qe7 81. Kb8 Bc6 82. Kc8 Qd7+ 83. Kb8 Qb7# 0-1

[Event "4NCL Online Division 2"]
[Site "online"]
[Date "2020.04.28"]
[Round "4.23"]
[White "Johnson, Paul A"]
[Black "Truman, Richard G"]
[Result "1-0"]
[WhiteElo "1812"]
[BlackElo "1990"]
[PlyCount "65"]
[EventDate "2020.04.28"]
[WhiteTeam "Bradford DCA Knights A"]
[BlackTeam "Ashfield Anonymous A"]

1. e4 c5 2. c3 Nf6 3. e5 Nd5 4. d4 cxd4 5. cxd4 e6 6. Nc3 Nxc3 7. bxc3 Qc7 8.
Bd2 d6 9. f4 Nd7 10. Nf3 b6 11. Bd3 Bb7 12. O-O Be7 13. Qe2 g6 14. a4 O-O 15.
Ng5 Bxg5 16. exd6 Qxd6 17. fxg5 e5 18. Be4 Bxe4 19. Qxe4 Rae8 20. Rfe1 Nc5 21.
dxc5 Qxd2 22. cxb6 axb6 23. Qe3 Qxe3+ 24. Rxe3 Re6 25. a5 Ra8 26. a6 b5 27. Ra5
Raxa6 28. Rxb5 Ra3 29. Rb8+ Kg7 30. Rd3 h6 31. h4 hxg5 32. hxg5 Ra7 33. Rh3 1-0

[Event "4NCL Online Division 2"]
[Site "online"]
[Date "2020.04.28"]
[Round "4.24"]
[White "Garnett, John S"]
[Black "Holliday, John K"]
[Result "1-0"]
[WhiteElo "1982"]
[BlackElo "1798"]
[PlyCount "97"]
[EventDate "2020.04.28"]
[WhiteTeam "Ashfield Anonymous A"]
[BlackTeam "Bradford DCA Knights A"]

1. d4 Nf6 2. Bg5 d5 3. e3 h6 4. Bxf6 exf6 5. g3 c6 6. Bg2 Bd6 7. Ne2 O-O 8. O-O
Bg4 9. b3 Nd7 10. c4 dxc4 11. bxc4 Rb8 12. Nbc3 Bb4 13. Qc2 Nb6 14. c5 Bxe2 15.
Nxe2 Nd5 16. Qc4 Ba5 17. Rfd1 Bc7 18. e4 Ne7 19. Rab1 b5 20. cxb6 Bxb6 21. Nf4
g6 22. e5 Nf5 23. Nxg6 Re8 24. Nf4 Nxd4 25. exf6 Qxf6 26. h3 Ne2+ 27. Kh2 Nc3
28. Nh5 Qg5 29. Rd7 Qxh5 30. Qxc3 Bxf2 31. Rf1 Qe2 32. Qf6 Qe6 33. Qxe6 Bxg3+
34. Kxg3 fxe6 35. Rff7 c5 36. Rxa7 c4 37. Rg7+ Kh8 38. Rgc7 Rbc8 39. Be4 Rg8+
40. Kf4 Rcf8+ 41. Ke5 Rg5+ 42. Kd4 c3 43. Kxc3 Rg3+ 44. Kd4 Rd8+ 45. Ke5 Rg5+
46. Kxe6 Re8+ 47. Re7 Rxe7+ 48. Rxe7 Rg3 49. Kf6 1-0

[Event "4NCL Online Division 2"]
[Site "online"]
[Date "2020.04.28"]
[Round "4.31"]
[White "Savidge, Daniel"]
[Black "Foord, Dominic"]
[Result "1-0"]
[WhiteElo "2155"]
[BlackElo "2267"]
[PlyCount "65"]
[EventDate "2020.04.28"]
[WhiteTeam "Bristol University A"]
[BlackTeam "Liverpool"]

1. e4 e5 2. Nf3 Nc6 3. d4 exd4 4. Nxd4 Nf6 5. Nxc6 bxc6 6. Qe2 Bc5 7. Nc3 O-O
8. Bg5 h6 9. Bh4 Bd4 10. Rd1 Bxc3+ 11. bxc3 g5 12. Bg3 Nxe4 13. Qxe4 Re8 14.
Qxe8+ Qxe8+ 15. Kd2 d6 16. Bd3 Be6 17. h4 g4 18. Rde1 Qf8 19. Be4 Bd5 20. f3
Qg7 21. Bf4 Qf6 22. Be3 Bxe4 23. fxe4 Re8 24. Rhf1 Qg6 25. h5 Qxe4 26. Bd4
Qxg2+ 27. Rf2 Qxf2+ 28. Bxf2 Rxe1 29. Bxe1 f5 30. Ke3 Kf7 31. Kf4 Ke6 32. c4 d5
33. c5 1-0

[Event "4NCL Online Division 2"]
[Site "online"]
[Date "2020.04.28"]
[Round "4.32"]
[White "Rodrigo Yanguas, Maria"]
[Black "Vaughan, Alex"]
[Result "1/2-1/2"]
[WhiteElo "2230"]
[BlackElo "1975"]
[PlyCount "73"]
[EventDate "2020.04.28"]
[WhiteTeam "Liverpool"]
[BlackTeam "Bristol University A"]

1. e4 e6 2. d4 d5 3. e5 c5 4. c3 Nc6 5. Nf3 Bd7 6. Be2 Nge7 7. O-O Nf5 8. Be3
Qb6 9. Qd2 Nxe3 10. fxe3 Be7 11. Bd3 O-O-O 12. b3 Kb8 13. a4 f5 14. Na3 g5 15.
Rfb1 g4 16. Ne1 h5 17. Nec2 Rdg8 18. Bb5 h4 19. a5 Qc7 20. b4 c4 21. Bxc6 Qxc6
22. b5 Qc8 23. Nb4 Bg5 24. Kh1 Rf8 25. Rf1 Rf7 26. Nbc2 Rhf8 27. a6 b6 28. Rf4
Bxf4 29. exf4 Qe8 30. Rb1 Rh7 31. Kg1 Rfh8 32. Kf1 Qf8 33. Ke1 Qh6 34. Kd1 Qh5
35. Kc1 Qh6 36. Kb2 Rg8 37. Ka2 1/2-1/2

[Event "4NCL Online Division 2"]
[Site "online"]
[Date "2020.04.28"]
[Round "4.33"]
[White "Luc, Ethan"]
[Black "Tian Yi, Wang"]
[Result "0-1"]
[WhiteElo "1990"]
[BlackElo "2192"]
[PlyCount "126"]
[EventDate "2020.04.28"]
[WhiteTeam "Bristol University A"]
[BlackTeam "Liverpool"]

1. e4 c5 2. a3 g6 3. Nc3 Bg7 4. g3 d6 5. Bg2 Nc6 6. Nge2 e6 7. O-O Nge7 8. b4
cxb4 9. axb4 Nxb4 10. d4 O-O 11. Ba3 Nbc6 12. Nb5 d5 13. c3 a6 14. Nd6 b5 15.
Bc5 dxe4 16. Bxe4 Rb8 17. Nxc8 Qxc8 18. Bxc6 Nxc6 19. Bxf8 Bxf8 20. Nf4 Bd6 21.
Ng2 Ne7 22. Qd3 Nd5 23. Rfc1 Qb7 24. c4 Nb4 25. Qb3 Nc6 26. Rd1 e5 27. c5 Bf8
28. dxe5 Nxe5 29. Qd5 Qxd5 30. Rxd5 Nc6 31. Ne1 a5 32. Nd3 b4 33. Kf1 b3 34.
Nb2 Bg7 35. Rd2 Rb5 36. Rb1 Rxc5 37. Na4 Rc4 38. Rxb3 Rxa4 39. Rd5 Ra2 40. Rb6
Rc2 41. Rd6 Ne5 42. Rd8+ Bf8 43. Rbb8 Ng4 44. Rxf8+ Kg7 45. h4 Rxf2+ 46. Kg1
Rf3 47. Rg8+ Kh6 48. Kg2 Rf2+ 49. Kh1 Rf1+ 50. Kg2 Ne3+ 51. Kh2 Rf2+ 52. Kg1
Rg2+ 53. Kh1 Rxg3 54. Rb3 f5 55. Re8 f4 56. Re4 Rf3 57. h5 g5 58. Rb7 Rf1+ 59.
Kh2 g4 60. Re6+ Kg5 61. Rb5+ Kh4 62. Rxe3 fxe3 63. Rxa5 e2 0-1

[Event "4NCL Online Division 2"]
[Site "online"]
[Date "2020.04.28"]
[Round "4.34"]
[White "Ali, Rashid Mohammed Amin"]
[Black "Lampard, Alice"]
[Result "1/2-1/2"]
[WhiteElo "2117"]
[BlackElo "2005"]
[PlyCount "205"]
[EventDate "2020.04.28"]
[WhiteTeam "Liverpool"]
[BlackTeam "Bristol University A"]

1. d4 Nf6 2. c4 g6 3. Nc3 d5 4. cxd5 Nxd5 5. e4 Nxc3 6. bxc3 Bg7 7. Bc4 O-O 8.
Ne2 c5 9. O-O cxd4 10. cxd4 Nc6 11. Be3 Bg4 12. f3 Bd7 13. Rb1 b6 14. Qd2 Na5
15. Ba6 Bc8 16. Bd3 Bb7 17. Rfc1 Rc8 18. Rxc8 Qxc8 19. Rc1 Qd7 20. Qb4 Rc8 21.
Rxc8+ Bxc8 22. d5 Nc6 23. Qa4 Ne5 24. Bb5 Qc7 25. h3 Bd7 26. f4 Bxb5 27. Qxb5
Nd7 28. Qc6 Qd8 29. e5 Nf8 30. Nd4 h6 31. Nb5 g5 32. g3 gxf4 33. gxf4 f6 34. e6
f5 35. Nxa7 Qb8 36. Nc8 Ng6 37. d6 exd6 38. e7 Nxe7 39. Nxe7+ Kh7 40. Qd7 Qa8
41. Qxf5+ Kh8 42. Bxb6 Qxa2 43. Bf2 Qa1+ 44. Kg2 Qa8+ 45. Qd5 Qe8 46. Qe4 Qf7
47. Bd4 Qa2+ 48. Bf2 Qf7 49. Ng6+ Kg8 50. h4 Bf6 51. h5 d5 52. Qf5 d4 53. Qc8+
Kh7 54. Qa8 Bg7 55. Qe4 Kg8 56. Bxd4 Qa2+ 57. Kh3 Bxd4 58. Qxd4 Qe6+ 59. Kg3
Qe1+ 60. Qf2 Qc3+ 61. Kg4 Qc8+ 62. f5 Qc4+ 63. Nf4 Qa4 64. Qe2 Qd4 65. Qe6+ Kh7
66. Qg6+ Kh8 67. Qxh6+ Kg8 68. Qe6+ Kh7 69. Qg6+ Kh8 70. Qh6+ Kg8 71. Qe6+ Kh7
72. f6 Qg1+ 73. Kf5 Qb1+ 74. Qe4 Qg1 75. Ke6+ Kh8 76. Ng6+ Kh7 77. Nf8+ Kg8 78.
Qh7+ Kxf8 79. Qe7+ Kg8 80. f7+ Kh8 81. Qf6+ Kh7 82. Qg6+ Qxg6+ 83. hxg6+ Kg7
84. Ke7 Kxg6 85. f8=R Kg7 86. Rf4 Kg6 87. Ke6 Kg5 88. Rf6 Kg4 89. Ke5 Kg5 90.
Re6 Kg4 91. Rf6 Kg5 92. Rf4 Kg6 93. Rf5 Kg7 94. Rf6 Kg8 95. Kf5 Kg7 96. Kg5 Kh7
97. Rg6 Kh8 98. Kf6 Kh7 99. Kf7 Kh8 100. Rb6 Kh7 101. Rg6 Kh8 102. Re6 Kh7 103.
Rg6 1/2-1/2

[Event "4NCL Online Division 2"]
[Site "online"]
[Date "2020.04.28"]
[Round "4.41"]
[White "Sedykh, Mikhail"]
[Black "De Verdier, Michael"]
[Result "0-1"]
[WhiteElo "2215"]
[BlackElo "2302"]
[PlyCount "134"]
[EventDate "2020.04.28"]
[WhiteTeam "Catford Cosmonauts 1"]
[BlackTeam "Wood Green Youth"]

1. d4 Nf6 2. c4 e6 3. Nc3 d5 4. cxd5 Nxd5 5. e4 Nxc3 6. bxc3 c5 7. Nf3 cxd4 8.
cxd4 Bb4+ 9. Bd2 Bxd2+ 10. Qxd2 O-O 11. Bc4 Nd7 12. O-O b6 13. Rad1 Bb7 14.
Rfe1 Rc8 15. Bd3 Nf6 16. Qf4 Qc7 17. e5 Bxf3 18. Qxf3 Nd5 19. Re4 f5 20. exf6
Rxf6 21. Qh3 Rh6 22. Rh4 Nf4 23. Rxh6 Nxh3+ 24. Rxh3 g6 25. Re3 Qd6 26. Ba6 Rc2
27. a3 Kg7 28. h4 Qc6 29. Be2 Rc1 30. Rxc1 Qxc1+ 31. Kh2 Qd2 32. Re4 Kf6 33. f3
Qc1 34. a4 Qc2 35. Bb5 Qc8 36. Bd3 a6 37. Rf4+ Kg7 38. Re4 Kf6 39. Rf4+ Ke7 40.
Re4 Kd6 41. h5 g5 42. Rg4 h6 43. Re4 Kd5 44. Be2 Qc7+ 45. Kh3 Qd7 46. Bxa6 e5+
47. g4 exd4 48. Bb5 Qc7 49. Re8 Qf4 50. Kg2 Kc5 51. Re6 Qd2+ 52. Kg3 d3 53.
Rc6+ Kb4 54. Bxd3 Qxd3 55. Rxb6+ Kxa4 56. Rxh6 Qe3 57. Rg6 Kb4 58. h6 Qg1+ 59.
Kh3 Qh1+ 60. Kg3 Qg1+ 61. Kh3 Qh1+ 62. Kg3 Qh4+ 63. Kg2 Kc5 64. h7 Qxh7 65.
Rxg5+ Kd4 66. Ra5 Qc2+ 67. Kg3 Qc7+ 0-1

[Event "4NCL Online Division 2"]
[Site "online"]
[Date "2020.04.28"]
[Round "4.42"]
[White "Toma, Katarzyna"]
[Black "Orlovska, Madara"]
[Result "1-0"]
[WhiteElo "2289"]
[BlackElo "2110"]
[PlyCount "87"]
[EventDate "2020.04.28"]
[WhiteTeam "Wood Green Youth"]
[BlackTeam "Catford Cosmonauts 1"]

1. e4 c5 2. Ne2 Nc6 3. d4 cxd4 4. Nxd4 g6 5. c4 Bg7 6. Be3 Nf6 7. Nc3 Ng4 8.
Qxg4 Nxd4 9. Qd1 Ne6 10. Qd2 O-O 11. Be2 d6 12. O-O Nc5 13. f3 Bd7 14. Rfd1 Bc6
15. Rac1 a5 16. b3 Be5 17. Qc2 b6 18. a3 e6 19. Bf1 Qh4 20. g3 Qe7 21. Bg2 h5
22. Ne2 a4 23. b4 Nb3 24. Rb1 Rab8 25. Nc1 Nxc1 26. Rbxc1 b5 27. c5 d5 28. f4
Bg7 29. e5 Rfd8 30. Bd4 Rbc8 31. Rf1 Bh6 32. Rce1 Kf8 33. Qe2 Ke8 34. f5 gxf5
35. Qxh5 Qf8 36. g4 fxg4 37. Rf6 Bg7 38. Rxe6+ Kd7 39. Rd6+ Kc7 40. Rf1 Kb8 41.
Rxf7 Qh8 42. Qg5 Rxd6 43. cxd6 Bh6 44. Qe7 1-0

[Event "4NCL Online Division 2"]
[Site "online"]
[Date "2020.04.28"]
[Round "4.43"]
[White "Vidruska, Renate"]
[Black "Stepanyan, Henrik"]
[Result "1/2-1/2"]
[WhiteElo "2045"]
[BlackElo "2237"]
[PlyCount "115"]
[EventDate "2020.04.28"]
[WhiteTeam "Catford Cosmonauts 1"]
[BlackTeam "Wood Green Youth"]

1. e4 e5 2. Nc3 Nf6 3. Nf3 Nc6 4. Bb5 Nd4 5. Nxd4 exd4 6. e5 dxc3 7. exf6 Qxf6
8. dxc3 c6 9. Bd3 d5 10. O-O Bd6 11. Qh5 h6 12. Be3 O-O 13. Bd4 Qg5 14. Qxg5
hxg5 15. c4 Be6 16. cxd5 Bxd5 17. Rfe1 b5 18. a4 a6 19. axb5 axb5 20. Rxa8 Rxa8
21. h3 Kf8 22. b3 f6 23. Kf1 Kf7 24. Ra1 Rxa1+ 25. Bxa1 b4 26. Bf5 c5 27. Bb2
c4 28. bxc4 Bxc4+ 29. Ke1 Ke7 30. Bd4 Bd5 31. g3 Be6 32. Bxe6 Kxe6 33. Ke2 Kd5
34. Kd3 Bc5 35. Bxc5 Kxc5 36. f3 Kd5 37. Ke3 Kc4 38. Kd2 Kd4 39. Ke2 Kc3 40.
Kd1 f5 41. Kc1 g6 42. Kd1 Kc4 43. Kd2 Kd4 44. Ke2 f4 45. gxf4 gxf4 46. h4 Kc3
47. Kd1 Kc4 48. Kd2 Kd4 49. Ke2 Kc3 50. Kd1 b3 51. cxb3 Kxb3 52. Kd2 Kc4 53.
Kc2 Kd4 54. Kd2 Kc4 55. Kc2 Kd4 56. Kd2 Kc4 57. Kc2 Kd4 58. Kd2 1/2-1/2

[Event "4NCL Online Division 2"]
[Site "online"]
[Date "2020.04.28"]
[Round "4.44"]
[White "Guha, Chirag"]
[Black "Gruau, Martin G"]
[Result "1-0"]
[WhiteElo "1807"]
[BlackElo "2050"]
[PlyCount "113"]
[EventDate "2020.04.28"]
[WhiteTeam "Wood Green Youth"]
[BlackTeam "Catford Cosmonauts 1"]

1. d4 Nf6 2. c4 g6 3. g3 Bg7 4. Bg2 O-O 5. Nf3 d6 6. O-O Nbd7 7. Nc3 e5 8. Qc2
Re8 9. Rd1 c6 10. e4 Qc7 11. h3 Nf8 12. Be3 Ne6 13. d5 cxd5 14. cxd5 Nf8 15.
Rac1 Bd7 16. Qd3 Rec8 17. a4 a6 18. b4 a5 19. b5 b6 20. Nd2 Nh5 21. Ne2 Qd8 22.
Nc4 f5 23. Bxb6 Qe7 24. Qa3 Bh6 25. Rc3 fxe4 26. Qxd6 Qxd6 27. Nxd6 Rxc3 28.
Nxc3 e3 29. Bc7 exf2+ 30. Kxf2 Bc8 31. b6 Nd7 32. Nxc8 Rxc8 33. Nb5 Rf8+ 34.
Ke1 Nxg3 35. b7 Be3 36. Rd3 Bf2+ 37. Kd2 e4 38. Rxg3 Bxg3 39. Bxg3 Re8 40. b8=Q
Nxb8 41. Bxb8 Rxb8 42. Bxe4 Kf7 43. Ke3 Kf6 44. d6 Ke6 45. Kd4 Rc8 46. Bd5+ Kd7
47. Bf3 Rc1 48. Bg4+ Kd8 49. Kd5 Ra1 50. Nd4 Rxa4 51. Nc6+ Ke8 52. d7+ Kf7 53.
d8=Q h5 54. Be6+ Kg7 55. h4 g5 56. Qxg5+ Kf8 57. Qg8# 1-0

[Event "4NCL Online Division 2"]
[Site "online"]
[Date "2020.04.28"]
[Round "4.51"]
[White "Gayson, Peter M"]
[Black "Friedgood, David"]
[Result "1-0"]
[WhiteElo "2150"]
[BlackElo "2188"]
[PlyCount "131"]
[EventDate "2020.04.28"]
[WhiteTeam "Chessable White Rose 2"]
[BlackTeam "Higgie's Heroes"]

1. e4 g6 2. d4 Bg7 3. Nc3 d6 4. Be3 Nf6 5. Qd2 Ng4 6. Bg5 h6 7. Bh4 g5 8. Bg3
e5 9. dxe5 Nxe5 10. O-O-O Nbc6 11. h4 g4 12. f4 gxf3 13. gxf3 h5 14. Kb1 Bh6
15. Bf4 Bxf4 16. Qxf4 Be6 17. Bh3 Ng6 18. Qe3 Qf6 19. Nge2 O-O 20. Qh6 Qh8 21.
Qg5 Qe5 22. f4 Qxg5 23. hxg5 Bxh3 24. Rxh3 Kg7 25. f5 Nge5 26. Nf4 Rh8 27.
Nxh5+ Kf8 28. Rdh1 Ne7 29. Nb5 Rc8 30. Nxa7 Rd8 31. Nf6 Rxh3 32. Rxh3 Ng8 33.
Rh8 Kg7 34. Rxg8+ Rxg8 35. Nxg8 Kxg8 36. Nb5 Nf3 37. Nxc7 Nxg5 38. c4 Nxe4 39.
Kc2 Kg7 40. Nd5 Ng3 41. f6+ Kg6 42. Kd3 Nh5 43. b4 Nxf6 44. Nxf6 Kxf6 45. a4
Ke5 46. a5 d5 47. c5 f5 48. c6 Kd6 49. cxb7 Kc7 50. a6 f4 51. b5 Kb8 52. b6 d4
53. Kxd4 f3 54. Ke3 f2 55. a7+ Kxb7 56. Kxf2 Ka8 57. Ke3 Kb7 58. Kd4 Ka8 59.
Kc5 Kb7 60. a8=Q+ Kxa8 61. Kc6 Kb8 62. b7 Ka7 63. Kc7 Ka6 64. b8=Q Ka5 65. Qb3
Ka6 66. Qa4# 1-0

[Event "4NCL Online Division 2"]
[Site "online"]
[Date "2020.04.28"]
[Round "4.52"]
[White "Whyte, Brian G"]
[Black "Edwards-Wright, Miles D"]
[Result "0-1"]
[WhiteElo "2048"]
[BlackElo "1915"]
[PlyCount "74"]
[EventDate "2020.04.28"]
[WhiteTeam "Higgie's Heroes"]
[BlackTeam "Chessable White Rose 2"]

1. c4 g6 2. Nc3 Bg7 3. Nf3 d6 4. d4 Bg4 5. e3 Nc6 6. Be2 e5 7. h3 exd4 8. Nxd4
Bxe2 9. Qxe2 Nge7 10. O-O O-O 11. Rd1 Nxd4 12. exd4 Nf5 13. d5 Re8 14. Qd3 Qh4
15. Bd2 Bd4 16. Rf1 Ng3 17. Rfe1 Bxf2+ 18. Kxf2 Ne4+ 19. Kg1 Qf2+ 20. Kh2 Nxd2
21. Red1 Qf4+ 22. Kg1 Nxc4 23. Nb5 Re3 24. Qd4 Re4 25. Qf2 Qxf2+ 26. Kxf2 Nxb2
27. Rdb1 Rb4 28. Nc3 Re8 29. Kg1 Re3 30. Nd1 Re1+ 31. Kf2 Nd3+ 32. Kf3 Rc4 33.
Rxb7 Rf4+ 34. Kg3 h5 35. Rb3 h4+ 36. Kh2 Rff1 37. Nf2 Rxa1 0-1

[Event "4NCL Online Division 2"]
[Site "online"]
[Date "2020.04.28"]
[Round "4.53"]
[White "Wills, Tom"]
[Black "McMahon, Timothy P"]
[Result "1-0"]
[WhiteElo "1967"]
[BlackElo "1937"]
[PlyCount "39"]
[EventDate "2020.04.28"]
[WhiteTeam "Chessable White Rose 2"]
[BlackTeam "Higgie's Heroes"]

1. e4 c5 2. Nf3 Nc6 3. d4 cxd4 4. Nxd4 g6 5. Be2 Bg7 6. c3 Nf6 7. Nxc6 bxc6 8.
e5 Nd5 9. Bf3 Qc7 10. O-O O-O 11. Re1 Bxe5 12. Bh6 Bxh2+ 13. Kh1 Re8 14. Qd4 f6
15. Bxd5+ cxd5 16. Qxd5+ e6 17. Qxa8 Rd8 18. Qf3 Bb7 19. Qxf6 d5 20. Qxe6+ 1-0

[Event "4NCL Online Division 2"]
[Site "online"]
[Date "2020.04.28"]
[Round "4.54"]
[White "Lovatt, Peter G"]
[Black "Hayes, Solomon"]
[Result "1-0"]
[WhiteElo "1787"]
[BlackElo "1450"]
[PlyCount "79"]
[EventDate "2020.04.28"]
[WhiteTeam "Higgie's Heroes"]
[BlackTeam "Chessable White Rose 2"]

1. Nf3 c5 2. g3 Nc6 3. Bg2 Nf6 4. O-O d5 5. d4 e6 6. c3 Bd6 7. dxc5 Bxc5 8. b4
Bd6 9. a3 O-O 10. Nbd2 b6 11. Re1 Bb7 12. Qc2 Rc8 13. e4 Ne5 14. exd5 Nxf3+ 15.
Nxf3 Nxd5 16. Bb2 Qd7 17. c4 Ne7 18. Rad1 Nf5 19. Qe2 Qc7 20. Rc1 Rfd8 21. Ne5
Bxg2 22. Kxg2 f6 23. Ng4 Qb7+ 24. f3 e5 25. Ne3 Nd4 26. Bxd4 exd4 27. Nd5 Re8
28. Qxe8+ Rxe8 29. Rxe8+ Kf7 30. Re4 a5 31. Rxd4 axb4 32. axb4 Qa7 33. Rcd1 Be5
34. R4d2 h5 35. Nf4 Qa4 36. Rd7+ Kg8 37. Nxh5 Qc2+ 38. R1d2 Qxc4 39. Rxg7+ Kf8
40. Rd8# 1-0

[Event "4NCL Online Division 2"]
[Site "online"]
[Date "2020.04.28"]
[Round "4.61"]
[White "Ni, Viktorija"]
[Black "Brown, Thomas"]
[Result "1-0"]
[WhiteElo "2215"]
[BlackElo "2129"]
[PlyCount "79"]
[EventDate "2020.04.28"]
[WhiteTeam "ChessPlus Beta"]
[BlackTeam "Rhyfelwyr Essyllwg"]

1. d4 d5 2. c4 e6 3. Nc3 c5 4. cxd5 exd5 5. Nf3 Nc6 6. g3 Nf6 7. Bg2 cxd4 8.
Nxd4 Bc5 9. Nb3 Bb6 10. O-O d4 11. Na4 O-O 12. Nxb6 axb6 13. e4 Bg4 14. f3 Be6
15. Bg5 h6 16. Bxf6 Qxf6 17. f4 d3 18. e5 Qd8 19. Qd2 Bxb3 20. axb3 Qd4+ 21.
Kh1 Rxa1 22. Rxa1 Na5 23. Ra4 Qd7 24. Rb4 Rc8 25. Be4 Rc2 26. Qxd3 Qxd3 27.
Bxd3 Rxb2 28. Rd4 Nc6 29. Rd7 Rxb3 30. Bc4 Rb1+ 31. Kg2 g5 32. Bxf7+ Kf8 33.
Bg6 Rb2+ 34. Kf3 gxf4 35. gxf4 Rb4 36. Rxb7 Ne7 37. f5 Nxg6 38. fxg6 h5 39. e6
Rg4 40. Rf7+ 1-0

[Event "4NCL Online Division 2"]
[Site "online"]
[Date "2020.04.28"]
[Round "4.62"]
[White "Garcia, Jason"]
[Black "Agafonov, Yuri Dr"]
[Result "1-0"]
[WhiteElo "2028"]
[BlackElo "2106"]
[PlyCount "113"]
[EventDate "2020.04.28"]
[WhiteTeam "Rhyfelwyr Essyllwg"]
[BlackTeam "ChessPlus Beta"]

1. Nf3 Nf6 2. c4 g6 3. b4 Bg7 4. Bb2 a5 5. b5 O-O 6. e3 c5 7. Be2 b6 8. O-O Bb7
9. d4 Ne4 10. Nbd2 d6 11. Nxe4 Bxe4 12. Ng5 Bf5 13. Bf3 Ra7 14. Re1 e5 15. Ne4
Bxe4 16. Bxe4 exd4 17. exd4 Re7 18. Bf3 Rxe1+ 19. Qxe1 Re8 20. Qd2 Qf6 21. h3
Nd7 22. Bc6 Rd8 23. Rd1 Nf8 24. Ba1 cxd4 25. Bxd4 Qxd4 26. Qxd4 Bxd4 27. Rxd4
Ne6 28. Rd1 Kf8 29. Kf1 Ke7 30. Ke2 g5 31. Ke3 f5 32. g3 f4+ 33. Kd3 Kf6 34.
Ke4 h6 35. Kd5 Nc7+ 36. Kd4 Ne6+ 37. Kd5 Nc5 38. Re1 Kf7 39. Re2 Kf6 40. gxf4
gxf4 41. f3 Kf5 42. Re8 Rxe8 43. Bxe8 Na4 44. Kxd6 Kf6 45. Kc6 Ke5 46. c5 Nxc5
47. Kxb6 Kd6 48. Kxa5 Kc7 49. b6+ Kb8 50. Kb5 Ne6 51. Bc6 h5 52. a4 h4 53. a5
Nd4+ 54. Kc5 Nb3+ 55. Kb4 Nd4 56. Bd5 Nc2+ 57. Kc5 1-0

[Event "4NCL Online Division 2"]
[Site "online"]
[Date "2020.04.28"]
[Round "4.63"]
[White "Vukojevic, Philippe"]
[Black "Summers, Charles"]
[Result "1-0"]
[WhiteElo "2038"]
[BlackElo "1847"]
[PlyCount "41"]
[EventDate "2020.04.28"]
[WhiteTeam "ChessPlus Beta"]
[BlackTeam "Rhyfelwyr Essyllwg"]

1. e4 c5 2. c3 Nf6 3. e5 Nd5 4. d4 cxd4 5. cxd4 Nc6 6. Nf3 e6 7. Nc3 Nxc3 8.
bxc3 d5 9. exd6 Qa5 10. Bd2 Bxd6 11. Bd3 Bd7 12. O-O h6 13. Qe2 O-O 14. c4 Qh5
15. h3 Rae8 16. Rab1 a6 17. Rxb7 Bc8 18. Rb6 Bd7 19. Be4 Rc8 20. Rxa6 e5 21. d5
1-0

[Event "4NCL Online Division 2"]
[Site "online"]
[Date "2020.04.28"]
[Round "4.64"]
[White "McGregor, John"]
[Black "Foley, John P"]
[Result "1/2-1/2"]
[WhiteElo "1868"]
[BlackElo "1954"]
[PlyCount "82"]
[EventDate "2020.04.28"]
[WhiteTeam "Rhyfelwyr Essyllwg"]
[BlackTeam "ChessPlus Beta"]

1. e4 c6 2. Nc3 d5 3. Nf3 Bg4 4. h3 Bh5 5. exd5 cxd5 6. Bb5+ Nc6 7. g4 Bg6 8.
Ne5 Rc8 9. d4 a6 10. Nxc6 bxc6 11. Bxa6 Rb8 12. Bd3 Nf6 13. Bxg6 hxg6 14. g5
Nd7 15. a3 e6 16. b4 Bd6 17. Qg4 e5 18. Be3 Qc7 19. O-O O-O 20. Na4 Rfe8 21.
Rfe1 Re6 22. Nc5 Bxc5 23. dxc5 d4 24. Bd2 Rbe8 25. c3 d3 26. Qe4 f5 27. gxf6
Nxf6 28. Qxd3 e4 29. Qc4 Kh7 30. Qb3 e3 31. Rxe3 Rxe3 32. Bxe3 Rxe3 33. fxe3
Qg3+ 34. Kf1 Qf3+ 35. Kg1 Qxe3+ 36. Kh1 Qxh3+ 37. Kg1 Qg3+ 38. Kh1 Qf3+ 39. Kg1
Qg3+ 40. Kh1 Qh3+ 41. Kg1 Qg3+ 1/2-1/2

[Event "4NCL Online Division 2"]
[Site "online"]
[Date "2020.04.28"]
[Round "4.71"]
[White "Young, Daniel J"]
[Black "Burrows, Nick"]
[Result "1-0"]
[WhiteElo "1982"]
[BlackElo "2072"]
[PlyCount "37"]
[EventDate "2020.04.28"]
[WhiteTeam "Downend 1"]
[BlackTeam "Schach Attack"]

1. e4 e6 2. d4 d5 3. Nc3 Bb4 4. e5 b6 5. a3 Bf8 6. Nf3 Ne7 7. Bd3 Ba6 8. Nb5
Qd7 9. a4 Nf5 10. c4 dxc4 11. Be4 c6 12. O-O Be7 13. g4 Nh4 14. Nxh4 Bxh4 15.
Nd6+ Kd8 16. g5 c3 17. Re1 cxb2 18. Bxb2 Qe7 19. Qh5 1-0